书目信息 |
| 题名: |
Pro/ENGINEER野火版新手必问
|
|
| 作者: | 祝凌云 , 李斌 编著 | |
| 分册: | ||
| 出版信息: | 北京 人民邮电出版社 2004.07 |
|
| 页数: | 281页 | |
| 开本: | 26cm | |
| 丛书名: | Pro/ENGINEER系列丛书 | |
| 单 册: | ||
| 中图分类: | TH122 | |
| 科图分类: | ||
| 主题词: | 机械设计: 计算机辅助设计--应用软件, Pro/ENGINEER , 机械设计 , 计算机辅助设计 , 应用软件 | |
| 电子资源: | ||
| ISBN: | 7-115-12407-8 | |
| 000 | 00877nam2 2200289 45 | |
| 001 | 012004000000 | |
| 005 | 20041102101824.54 | |
| 010 | @a7-115-12407-8@dCNY 32.00 | |
| 100 | @a20040910d2004 em y0chiy0121 ea | |
| 101 | 0 | @achi |
| 102 | @aCN@b110000 | |
| 105 | @aak z 000yy | |
| 200 | 1 | @aPro/ENGINEER野火版新手必问@APro/ENGINEER ye huo ban xin shou bi wen@f祝凌云, 李斌编著 |
| 210 | @a北京@c人民邮电出版社@d2004.07 | |
| 215 | @a281页@c图, 表格@d26cm@e附光盘1片 | |
| 225 | 2 | @aPro/ENGINEER系列丛书 |
| 320 | @a本书含附录 | |
| 410 | 0 | @12001 @aPro/ENGINEER系列丛书 |
| 606 | 0 | @a机械设计: 计算机辅助设计@x应用软件, Pro/ENGINEER |
| 606 | 0 | @a机械设计 |
| 606 | 0 | @a计算机辅助设计 |
| 606 | 0 | @a应用软件 |
| 690 | @aTH122@v4 | |
| 701 | 0 | @a祝凌云@Azhu ling yun@4编著 |
| 701 | 0 | @a李斌@Ali bin@4编著 |
| 801 | 0 | @aCN@bQSSKt@c20041102 |
| 905 | @a10447@dTH122@eZ914 | |
| Pro/ENGINEER野火版新手必问/祝凌云, 李斌编著.-北京:人民邮电出版社,2004.07 |
| 281页:图, 表格;26cm+附光盘1片.-(Pro/ENGINEER系列丛书) |
| ISBN 7-115-12407-8:CNY 32.00 |
| ● |
| 相关链接 |
|
|
|
正题名:Pro/ENGINEER野火版新手必问
索取号:TH122/Z914
 
预约/预借
| 序号 | 登录号 | 条形码 | 馆藏地/架位号 | 状态 | 备注 |
| 1 | 424375 | 204243755 | 自科库501/501自科库 34排3列4层/ [索取号:TH122/Z914] | 在馆 | |
| 2 | 424376 | 204243764 | 自科二线400A/201建筑库 23排1列1层/ [索取号:TH122/Z914] | 在馆 | |
| 3 | 424377 | 204243773 | 自科库501/501自科库 34排3列4层/ [索取号:TH122/Z914] | 在馆 |